Statistics for 名前に方角を含む市町村 北・南版

Click here to take the quiz!

General Stats

  • This quiz has been taken 71 times
  • The average score is 64 of 98

Answer Stats

方角都道府県市町村名% Correct
山梨県北杜市
92%
北海道北斗市
88%
北海道北広島市
88%
茨城県北茨城市
87%
千葉県南房総市
87%
愛知県北名古屋市
87%
秋田県北秋田市
87%
鹿児島県南九州市
85%
秋田県仙北市
85%
新潟県南魚沼市
83%
山梨県南アルプス市
83%
富山県南砺市
81%
埼玉県北本市
81%
福岡県北九州市
81%
山梨県南部町
79%
大阪府泉南市
79%
鳥取県南部町
79%
青森県南部町
79%
京都府南丹市
77%
兵庫県南あわじ市
77%
鹿児島県南さつま市
77%
北海道北見市
77%
和歌山県北山村
77%
神奈川県山北町
77%
高知県香南市
75%
福島県南相馬市
75%
沖縄県北谷町
75%
高知県南国市
75%
静岡県南伊豆町
75%
沖縄県南城市
75%
宮崎県日南市
75%
奈良県上北山村
73%
長崎県南島原市
73%
大阪府阪南市
73%
福井県南越前町
71%
奈良県下北山村
71%
熊本県南阿蘇村
71%
愛知県南知多町
71%
愛知県江南市
71%
徳島県阿南市
69%
岩手県北上市
69%
北海道南富良野町
69%
滋賀県湖南市
69%
広島県北広島町
69%
三重県南伊勢町
69%
愛知県碧南市
69%
福島県南会津町
67%
神奈川県南足柄市
67%
沖縄県南大東村
65%
山形県南陽市
65%
沖縄県北大東村
65%
大阪府河南町
63%
石川県川北町
62%
愛媛県愛南町
62%
長野県南相木村
62%
三重県紀北町
62%
和歌山県海南市
62%
京都府南山城村
62%
新潟県津南町
60%
静岡県函南町
60%
島根県雲南市
60%
岐阜県岐南町
60%
山口県周南市
60%
長野県北相木村
60%
北海道北竜町
60%
沖縄県北中城村
58%
北海道南幌町
58%
徳島県北島町
58%
千葉県長南町
58%
高知県北川村
56%
青森県東北町
56%
長野県南木曽町
56%
鹿児島県南種子町
56%
鹿児島県南大隅町
56%
岐阜県北方町
54%
群馬県南牧村
54%
長野県阿南町
54%
長野県南牧村
54%
熊本県苓北町
54%
佐賀県江北町
54%
宮城県南三陸町
54%
千葉県鋸南町
52%
山形県河北町
52%
熊本県芦北町
52%
愛媛県鬼北町
52%
鳥取県日南町
50%
福島県北塩原村
48%
宮崎県川南町
48%
沖縄県南風原町
46%
長野県筑北村
46%
長野県南箕輪村
46%
岡山県久米南町
44%
島根県邑南町
44%
島根県飯南町
44%
鳥取県北栄町
44%
熊本県南小国町
40%
和歌山県印南町
38%
熊本県南関町
35%

Score Distribution

Percentile by Number Answered

Percent of People with Each Score

Your Score History

You have not taken this quiz